Pelaksanaan kurikulum Bahasa Arab di Maktab Perguruan Islam Bangi /
Saved in:
| Main Author: | |
|---|---|
| Format: | Thesis Book |
| Language: | Malay |
| Published: |
1999.
|
| Subjects: | |
| Tags: |
Add Tag
No Tags, Be the first to tag this record!
|
| LEADER | 01385cam a2200313 a 4500 | ||
|---|---|---|---|
| 001 | u449120 | ||
| 003 | SIRSI | ||
| 008 | 991215s1999 my t 00 0 may m | ||
| 035 | |a ACI-5729 | ||
| 040 | |a UMM |d UMB | ||
| 043 | |a a-my--- | ||
| 090 | |a PJ6068 |b M4Faty | ||
| 091 | |a Microfiche 14644 | ||
| 093 | |a PJ6065 |b Faty | ||
| 100 | 0 | 0 | |a Fatimah Yahaya. |
| 245 | 1 | 0 | |a Pelaksanaan kurikulum Bahasa Arab di Maktab Perguruan Islam Bangi / |c Fatimah bt. Haji Yahaya. |
| 260 | |c 1999. | ||
| 300 | |a xv, 158 leaves [append] : |b ill ; |c 30 cm. | ||
| 500 | |a Microfiche. Kuala Lumpur : University of Malaya Library, 2000. 3 fiches : negative ; 11 x 15 cm. | ||
| 502 | |a Dissertation (M.M.L.S.) -- Fakulti Bahasa dan Linguistik, Universiti Malaya, 1999. | ||
| 504 | |a Includes bibliographical references. | ||
| 610 | 2 | 0 | |a Maktab Perguruan Islam Bangi (Selangor) |x Curricula. |
| 650 | 0 | |a Arabic language |x Study and teaching (Higher) |z Malaysia. | |
| 710 | 2 | 0 | |a Universiti Malaya. |b Fakulti Bahasa dan Linguistik. |
| 948 | |a 15/12/1999 |b 14/01/2003 | ||
| 596 | |a 1 6 | ||
| 999 | |a PJ6068 M4FATY |w LC |c 1 |i A505623276 |d 9/11/2015 |e 9/11/2015 |l STACKS |m P01UTAMA |n 5 |r Y |s Y |t TESIS |u 19/1/2000 | ||
| 999 | |a PJ6068 M4FATY |w LC |c 2 |i A509085501 |d 30/3/2016 |e 30/3/2016 |l STACKS |m P01UTAMA |n 11 |r Y |s Y |t TESIS |u 27/1/2000 | ||
| 999 | |a PJ6065 FATY |w LC |c 1 |i A503712245 |d 27/3/2015 |e 27/3/2015 |l STACKS |m P06BAHASA |n 1 |r Y |s Y |t TESIS |u 15/12/1999 | ||
